Wonderful party Snacks (Record no. 7085)
[ view plain ]
| 000 -LEADER | |
|---|---|
| fixed length control field | 00221nam a22000857a 4500 |
| 008 - FIXED-LENGTH DATA ELEMENTS--GENERAL INFORMATION | |
| fixed length control field | 170626b xxu||||| |||| 00| 0 eng d |
| 020 ## - INTERNATIONAL STANDARD BOOK NUMBER | |
| International Standard Book Number | 9788124307038 |
| 100 ## - MAIN ENTRY--PERSONAL NAME | |
| 9 (RLIN) | 3670 |
| Personal name | Parekh. J. N |
| 245 ## - TITLE STATEMENT | |
| Title | Wonderful party Snacks |
| 260 ## - PUBLICATION, DISTRIBUTION, ETC. (IMPRINT) | |
| Place of publication, distribution, etc. | New Delhi |
| Name of publisher, distributor, etc. | Navneet |
| Date of publication, distribution, etc. | 2006 |
| Withdrawn status | Lost status | Source of classification or shelving scheme | Damaged status | Koha normalized classification for sorting | Not for loan | Home library | Current library | Shelving location | Date acquired | Total Checkouts | Full call number | Barcode | Date last seen | Price effective from | Koha item type |
|---|---|---|---|---|---|---|---|---|---|---|---|---|---|---|---|
| Dewey Decimal Classification | PAR_648_000000000000000_C7 | Good Samaritan School Library | Good Samaritan School Library | Home Science | 06/26/2017 | PAR648 C-7 | PAR7596 | 06/26/2017 | 06/26/2017 | Reference |